Advances in enzymology and related areas of molecular biology. Vol. 75, Protein evolution

Na minha lista:
Detalhes bibliográficos
Formato: Sách
Idioma:Undetermined
Publicado em:  Wiley  2007
Assuntos:
Tags: Adicionar Tag
Sem tags, seja o primeiro a adicionar uma tag!
Thư viện lưu trữ: Trung tâm Thư viện - Trường Đại học Công nghiệp TP. Hồ Chí Minh
LEADER 00460nam a2200133Ia 4500
001 UIH_07322
008 231011s9999 xx 000 0 und d
082 |a  572.6 
245 0 |a  Advances in enzymology and related areas of molecular biology. Vol. 75, Protein evolution 
260 |b  Wiley 
260 |c  2007 
650 |a  Sinh học phân tử;  
927 |a Sách 
980 |a Trung tâm Thư viện - Trường Đại học Công nghiệp TP. Hồ Chí Minh